000 00583nam a22001937a 4500
005 20250617144338.0
010 _aENG-145421
020 _a9788128835995
_c237.00
035 _aEN-128953
037 _bDBAD
082 _a921
100 _ak C Mahendra
_982133
245 _aBaba Ramdev:
_bResurgence of New India/
_cK C Mahendra
260 _aNEW Delhi
_bDiamond Pocket Book Pvt Ltd
_c2011
270 _aX-30, Okhla Industrial Area, Phsae ii
_bNew Delhi
_e110020
300 _a403p.
_c22cm. (hb)
500 _aFreedom Movement-2
942 _2ddc
_cEN
_h921
_mMAH
999 _c211869
_d211869